书目信息 |
| 题名: |
环境工程手册:环境噪声控制卷
|
|
| 作者: | 郑长聚 主编 | |
| 分册: | ||
| 出版信息: | 北京 高等教育出版社 2000.02 |
|
| 页数: | 535页 | |
| 开本: | 16开 | |
| 丛书名: | ||
| 单 册: | ||
| 中图分类: | X5-62 | |
| 科图分类: | ||
| 主题词: | 环境污染 , 环境污染--污染防治 | |
| 电子资源: | ||
| ISBN: | 7-04-007363-3 | |
| 000 | 00635nam0 2200205 45 | |
| 001 | 0106210957 | |
| 005 | 20010621090241.9 | |
| 010 | @a7-04-007363-3@d52.70元 | |
| 100 | @a20010621d2000 km y0chiy0120 ea | |
| 101 | 0 | @achi |
| 105 | @a z 000yy | |
| 200 | 1 | @a环境工程手册:环境噪声控制卷@AHuan Jing Gong Cheng Shou Ce:Huan Jing Zao Sheng Kong Zhi Juan@f郑长聚主编@FZheng Chang Ju Zhu Bian |
| 210 | @a北京@c高等教育出版社@d2000.02 | |
| 215 | @a535页@d16开 | |
| 606 | 0 | @a环境污染 |
| 606 | 0 | @a环境污染@x污染防治 |
| 690 | @aX5-62@v3 | |
| 701 | 0 | @a郑长聚@4主编 |
| 801 | @aCN@bPftUser@c20010621 | |
| 905 | @f5@b350043-047@dX5-62@eZH341 | |
| 环境工程手册:环境噪声控制卷/郑长聚主编.-北京:高等教育出版社,2000.02 |
| 535页;16开 |
| ISBN 7-04-007363-3:52.70元 |
| ● |
| 相关链接 |
|
|
|
正题名:环境工程手册:环境噪声控制卷
索取号:X5-62/ZH341
 
预约/预借
| 序号 | 登录号 | 条形码 | 馆藏地/架位号 | 状态 | 备注 |
| 1 | 350043 | 203500434 | 自科库501/501自科库 98排2列2层/ [索取号:X5-62/ZH341] | 在馆 | |
| 2 | 350044 | 203500443 | 自科二线400A/400A自科库 27排3列2层/ [索取号:X5-62/ZH341] | 在馆 | |
| 3 | 350045 | 203500452 | 自科库501/501自科库 98排2列2层/ [索取号:X5-62/ZH341] | 在馆 | |
| 4 | 350046 | 203500461 | 市政与环境工程学院资料室/ [索取号:X5-62/ZH341] | 在馆 | |
| 5 | 350047 | 203500470 | 市政与环境工程学院资料室/ [索取号:X5-62/ZH341] | 在馆 |